书目信息 |
| 题名: |
金属工艺基础
|
|
| 作者: | 《金属工艺基础》编写组 编 | |
| 分册: | ||
| 出版信息: | 成都 四川人民出版社 1978 |
|
| 页数: | 520页 | |
| 开本: | 20cm | |
| 丛书名: | 农业机械化丛书 | |
| 单 册: | ||
| 中图分类: | TG1 | |
| 科图分类: | ||
| 主题词: | 热处理 | |
| 电子资源: | ||
| ISBN: | ||
| 000 | 00743nam2 2200253 45 | |
| 001 | 0178000376 | |
| 005 | 20060410160500.64 | |
| 010 | @dCNY1.41 | |
| 091 | @aCN@b15118.18 | |
| 100 | @a19950731d1978 em y0chiy0121 ea | |
| 101 | 0 | @achi |
| 102 | @aCN@b510000 | |
| 105 | @ay z 000yy | |
| 200 | 10 | @a金属工艺基础@Ajin shu gong yi ji chu@f《金属工艺基础》编写组编@F《jin shu gong yi ji chu》bian xie zu bian |
| 205 | @a修订版 | |
| 210 | @a成都@c四川人民出版社@d1978 | |
| 215 | @a520页@d20cm | |
| 225 | 2 | @a农业机械化丛书 |
| 410 | 0 | @120010@a农业机械化丛书 |
| 606 | @a热处理 | |
| 690 | @aTG1@v4 | |
| 701 | 0 | @a《金属工艺基础》编写组@A《jin shu gong yi ji chu》bian xie zu@4编 |
| 801 | 0 | @aCN@bTSSF@c20060410 |
| 905 | @a10447@dTG1@e1=2 | |
| 金属工艺基础/《金属工艺基础》编写组编.-修订版.-成都:四川人民出版社,1978 |
| 520页;20cm.-(农业机械化丛书) |
| ISBN :CNY1.41 |
| ● |
| 相关链接 |
|
|
|
|
正题名:金属工艺基础
索取号:TG1/1=2
 
预约/预借
| 序号 | 登录号 | 条形码 | 馆藏地/架位号 | 状态 | 备注 |
| 1 | 0005940 | 202220177 | 密集书库/ [索取号:TG1/1=2] | 在馆 |